Largest economies by GDP PPP - Statistics

General Stats
  • This quiz has been taken 51 times
  • The average score is 13 of 15
Answer Stats
Continent Country % Correct
Asia China
100%
Asia Japan
98%
Americas USA
95%
Europe France
93%
Europe Russia
93%
Europe UK
93%
Europe Germany
90%
Asia India
90%
Americas Brazil
88%
Asia Indonesia
85%
Europe Italy
83%
Americas Mexico
80%
Asia South korea
80%
Europe Spain
78%
Asia Turkey
55%
No matching quizzes found
Score Distribution
Percent of People with Each Score
Percentile by Number Answered
Your Score History
You have not taken this quiz